| 000 | 01000nam a2200277 a 4500 | ||
|---|---|---|---|
| 999 |
_c4309 _d4309 |
||
| 001 | 4309 | ||
| 003 | BD-JhCC | ||
| 005 | 20210603134020.0 | ||
| 008 | 171126s19952008bg a|||| ||a| 000 0 ben d | ||
| 020 | _a9847015200312 | ||
| 035 | _a(BD-JhCC)4309 | ||
| 040 |
_aBD-JhCC _dBD-JhCC |
||
| 041 | _aben | ||
| 082 |
_a630 _bCHA 2008 |
||
| 100 | _aচক্রবর্তী, দিলীপ কুমার | ||
| 245 |
_aআধুনিক তথ্য ও প্রযুক্তি সম্বলিত পোল্ট্রি ডেয়ারি ফিশ ফার্মিং / _cদিলীপ কুমার চক্রবর্তী, |
||
| 260 |
_aঢাকা : _bঅনুপম প্রকাশনী, _c2008 |
||
| 300 |
_a76 p. : _c24 cm. |
||
| 650 | _aFarming | ||
| 650 | _aPoultry | ||
| 650 | _aDairy | ||
| 650 | _aFish | ||
| 700 | _aব্যানার্জী, অপরেশ কুমার (সম্পাদনা) | ||
| 942 |
_2ddc _cBK _03 |
||